000
00314nam a2200109Ia 4500
008
171211s9999 xx 000 0 und d
245
_a
Dvorák and His World (The Bard Music Festival)
245
_c
Michael Beckerman
260
_c
1993
650
_x
music
856
_u
http://down.ebook777.com/060/9780691000978.pdf
999
_c
348684
_d
348684